000 01121cam a2200217 4500
001 WB@3612-183
008 041215n2004 000 0 eng u
035 _a(Sirsi) u128310
245 _aMismatch between demand and supply
260 _c2004
490 _aEstates Gazette
_v(0450) 11 December 2004, 38(1)
520 _aThe continued mismatch between demand and supply pushing property yields lower has enabled property to remain the best performing asset class on an annual basis for a fifth consecutive month. Annual all-property total return was 19.2% in November 2004 on the "CBRE monthly index". Despite a fourth successive month of no rental growth for offices, annual all-offices rental growth was positive for the first time since February 2002. Retail remains the best performing sector and there was also rental growth in the industrial market for the first time sicne July 2004.
590 _aWB
590 _aWB
650 _aCBRE MONTHLY INDEX
650 _aPROPERTY PERFORMANCE
650 _aCAPITAL VALUES
650 _aCAPITAL GROWTH
690 _aCOMMERCIAL PROPERTY-MARKET
942 _n0
999 _c118450
_d118450